000 00379nam a2200157Ia 4500
008 230917s9999||||xx |||||||||||||| ||und||
040 _e64495
_aMAIN
041 _aEnglish
082 _a320.509 S13H
100 _aSabine, George H
245 0 _aHistory of political theory
250 _a4th ed.
260 _aHinsdale
_bDryden Press
_c1973
300 _a871 p.
942 _cBK
999 _c141363
_d141363